Tuřany ve Svornosti : sborník k 50. výročí Katolické vzdělávací besedy Svornost v Tuřanech /

Další autoři: Bárta, Josef, regionální publikace-Tuřany
Jazyk: Čeština
Vydáno: Tuřany : Katolická vzdělavací beseda Svornost, 1948
Externí odkaz: Digitalizovaný dokument
Fyzický popis: 101 s. : obr. příl. ; 8°
Knihy
Uloženo v:
LEADER 01120nam a22002532a 4500
001 000734252
003 CZ BrMZK
005 20251104105343.0
007 ta
008 040910s1948 xr af er|||||||||||cze d
015 |a cnb000711908 
035 |a (OCoLC)85430437 
040 |a ABA001  |b cze  |c PNA001  |d ABA001  |d BOA001 
245 0 0 |a Tuřany ve Svornosti :  |b sborník k 50. výročí Katolické vzdělávací besedy Svornost v Tuřanech /  |c [řídil Dr. Josef Bárta s redakčním kruhem] 
260 |a Tuřany :  |b Katolická vzdělavací beseda Svornost,  |c 1948  |f (Brněnská tiskárna) 
300 |a 101 s. :  |b obr. příl. ;  |c 8° 
500 |a Frontispice Věra Frömlová 
500 |a Obálku nakreslil Josef Fröml 
500 |a Dostupné též v digitální podobě v aplikaci Kramerius 
700 1 |a Bárta, Josef,  |c regionální publikace-Tuřany  |4 edt 
856 4 1 |u http://www.digitalniknihovna.cz/mzk/uuid/uuid:e3f8ebe0-ba40-11f0-99c5-5ef3fc9bb22f  |y Digitalizovaný dokument  |x NDK 
910 |a BOA001  |b 2-0211.889 
990 |a BK 
996 6 |b 2619211527  |c 2-0211.889  |l MZK  |r Sklad / do 24 hodin  |n 18  |w 000734252  |u 000010  |a 1  |e BOA001  |j MZK50  |s P